| 000 | 00476nam a2200193Ia 4500 | ||
|---|---|---|---|
| 005 | 20240415100424.0 | ||
| 008 | 131103s9999 xx 000 0 und d | ||
| 020 | _a0 7135 2399 9 | ||
| 040 | _aLoreto College | ||
| 041 | _aEnglish | ||
| 082 |
_a425 _bJOH |
||
| 100 | _aJohnson, Capper | ||
| 245 |
_aFirst certificate skills _cCapper Johnson |
||
| 260 |
_aLondon _bBell _c1977 |
||
| 300 |
_aiv,116p. _b ill. |
||
| 650 | _aEnglish grammar | ||
| 850 | _aLCBED | ||
| 942 | _cBK | ||
| 999 |
_c28012 _d78491 |
||